000 00363 a2200157 4500
001 153086
040 _cEscola São Tomás de Aquino
100 _aSILVA, Sônia Sena da.
240 1 0 _aO frevo de quinze anos
_lpor
245 1 0 _aO frevo de quinze anos
300 _a63
362 0 _a2001
440 1 _aScipione
697 _a*LITERATURA JUVENIL
942 _cBK
999 _c153086
_d153086